00378nam a2200169Ia 4500003000400000005001700004008004100021020001800062040000700080041000800087082001500095100001400110245004100124260002000165300000900185650001400194OSt20251125111630.0250729s2005 xx 000 0 und d a9788120717435 cAL aeng a371.2 SIDS aSidhu K S aSchool organisation & administration aNew Delhic2005 a481p aEducation